[Event "BL 8586 Lasker-Solingen"]
[Site "?"]
[Date "1986.??.??"]
[Round "?.8"]
[White "Schacht, H."]
[Black "Werner, D."]
[Result "1/2-1/2"]
[WhiteElo "2270"]
[BlackElo "2415"]
[PlyCount "75"]
[EventDate "1986.??.??"]

1. d4 Nf6 2. c4 d6 3. Nc3 g6 4. e4 Bg7 5. Nf3 O-O 6. Be2 e5 7. O-O Nbd7 8. Qc2
c6 9. Rd1 Qe7 10. d5 c5 11. Ne1 Ne8 12. a3 f5 13. b4 Ndf6 14. f3 Rf7 15. bxc5
dxc5 16. Nd3 fxe4 17. fxe4 b6 18. a4 Nd6 19. Nf2 a5 20. Rb1 Rb8 21. Be3 Qc7 22.
Rb2 h5 23. Rdb1 Kh7 24. Nb5 Nxb5 25. Rxb5 Bd7 26. R5b2 Bh6 27. Bxh6 Kxh6 28.
Bd1 Kh7 29. Qd2 Ne8 30. Qg5 Nf6 31. Nd3 Nxe4 32. Qxe5 Nd6 33. Bc2 Bf5 34. Qc3
Ne4 35. Qe5 Nd6 36. Qc3 Ne4 37. Qe5 Nd6 38. Qc3 1/2-1/2

[Event "BL 8586 Bochum-Lasker"]
[Site "?"]
[Date "1986.??.??"]
[Round "?.1"]
[White "Wockenfuss, K."]
[Black "Heinbuch, D."]
[Result "1/2-1/2"]
[WhiteElo "2370"]
[BlackElo "2360"]
[PlyCount "33"]
[EventDate "1986.??.??"]

1. d4 d5 2. Nc3 Bf5 3. Bg5 c6 4. e3 Nd7 5. Nf3 h6 6. Bh4 Ngf6 7. Bd3 Bxd3 8.
cxd3 e6 9. O-O Be7 10. Ne5 Nxe5 11. dxe5 Nd7 12. Bxe7 Qxe7 13. f4 O-O 14. d4 f5
15. exf6 gxf6 16. Qh5 Kh7 17. f5 1/2-1/2

[Event "BL 8586 Bochum-Lasker"]
[Site "?"]
[Date "1986.??.??"]
[Round "?.2"]
[White "Budde, V."]
[Black "Muse, M."]
[Result "1/2-1/2"]
[WhiteElo "2345"]
[BlackElo "2430"]
[PlyCount "147"]
[EventDate "1986.??.??"]

1. e4 c5 2. Ne2 e6 3. d4 cxd4 4. Nxd4 Nf6 5. Nc3 d6 6. g4 h6 7. h3 a6 8. Bg2
Nc6 9. Nb3 Be7 10. Be3 Qc7 11. a4 b6 12. f4 Bb7 13. O-O Nd7 14. Qe2 g5 15. f5
Bf6 16. fxe6 fxe6 17. Qc4 Ke7 18. Nd4 Bxd4 19. Bxd4 Rhc8 20. Bg7 Nce5 21. Qxc7
Rxc7 22. Rf2 Rg8 23. Bxe5 Nxe5 24. Bf1 Rf8 25. Rxf8 Kxf8 26. Rd1 Ke7 27. Kf2
Rc8 28. Ke3 Rf8 29. Be2 Ng6 30. Rd4 Ne5 31. Rb4 Nd7 32. Nb1 Rf4 33. c3 a5 34.
Rc4 Ba6 35. Rd4 Bxe2 36. Kxe2 e5 37. Rc4 d5 38. Rc6 Rxe4+ 39. Kd1 Rxa4 40. Nd2
h5 41. gxh5 Rh4 42. Nf3 Rxh5 43. Rg6 Rxh3 44. Nxg5 Rg3 45. Re6+ Kd8 46. Nf7+
Kc7 47. Nxe5 Re3 48. Rc6+ Kb7 49. Ng4 Rd3+ 50. Kc2 Kxc6 51. Kxd3 Kc5 52. Kc2
Kd6 53. Ne3 Ke5 54. Nf1 Nc5 55. Ng3 Ne6 56. Nf1 Ke4 57. Kd2 b5 58. Ng3+ Kf4 59.
Ne2+ Ke5 60. Ke3 b4 61. cxb4 axb4 62. Nc1 d4+ 63. Kd2 Nc5 64. b3 Kd5 65. Kd1 d3
66. Na2 Na6 67. Kd2 Kd4 68. Kd1 Ke3 69. Ke1 Nc5 70. Nxb4 d2+ 71. Kd1 Ne4 72.
Nd5+ Kd3 73. Nf4+ Kc3 74. Ne2+ 1/2-1/2

[Event "BL 8586 Bochum-Lasker"]
[Site "?"]
[Date "1986.??.??"]
[Round "?.3"]
[White "Schussler, H."]
[Black "Beckemeyer, W."]
[Result "1-0"]
[WhiteElo "2465"]
[BlackElo "2320"]
[PlyCount "65"]
[EventDate "1986.??.??"]

1. d4 Nf6 2. c4 g6 3. Nc3 Bg7 4. e4 d6 5. Be2 O-O 6. Nf3 Nbd7 7. O-O e5 8. Be3
c6 9. d5 c5 10. Ne1 Ne8 11. Nd3 f5 12. exf5 gxf5 13. f4 Qe7 14. Kh1 a6 15. a4
Kh8 16. Ra3 Nc7 17. a5 Rb8 18. Rb3 e4 19. Nf2 Nf6 20. h3 Na8 21. Rg1 Bd7 22. g4
fxg4 23. hxg4 Nh5 24. gxh5 Bxc3 25. Rxc3 Qh4+ 26. Kg2 Rg8+ 27. Kf1 Rxg1+ 28.
Kxg1 Rg8+ 29. Kf1 Qh2 30. Ke1 Rg1+ 31. Bf1 Nc7 32. Qe2 Qg2 33. Nh3 1-0

[Event "BL 8586 Bochum-Lasker"]
[Site "?"]
[Date "1986.??.??"]
[Round "?.4"]
[White "Fleck, J."]
[Black "Cladouras, P."]
[Result "1-0"]
[WhiteElo "2390"]
[BlackElo "2320"]
[PlyCount "175"]
[EventDate "1986.??.??"]

1. e4 e5 2. Nf3 Nc6 3. Bb5 a6 4. Ba4 Nf6 5. O-O Be7 6. Re1 b5 7. Bb3 d6 8. c3
O-O 9. h3 Na5 10. Bc2 c5 11. d4 Qc7 12. Nbd2 cxd4 13. cxd4 Bd7 14. Nf1 Rac8 15.
Ne3 Nc6 16. d5 Nb4 17. Bb1 a5 18. a3 Na6 19. b4 axb4 20. axb4 Qb7 21. Bd2 Nc7
22. Bd3 Ra8 23. Nc2 g6 24. Bh6 Rfe8 25. Qd2 Nh5 26. g4 Ng7 27. Kh2 Rxa1 28.
Nxa1 Rc8 29. Nb3 Na6 30. Ra1 Bd8 31. Na5 Qb8 32. Be3 h5 33. g5 Ne8 34. Nc6 Bxc6
35. Rxa6 Bd7 36. Qa2 Rc3 37. Be2 Qc8 38. Ra8 Qc7 39. Ra7 Qc8 40. Ra8 Qc7 41.
Qa6 Kg7 42. Ra7 Qc8 43. Qxc8 Bxc8 44. Bxb5 Nc7 45. Bc6 Ba6 46. b5 Bxb5 47. Rxc7
Bxc7 48. Bxb5 Kf8 49. Kg2 Rb3 50. Bc4 Rb4 51. Nd2 Bb6 52. Kf3 Ke7 53. Bd3 Bxe3
54. Kxe3 Rb2 55. Ke2 Ra2 56. Bc4 Ra3 57. Bb3 Ra1 58. h4 Rh1 59. Nf3 Rb1 60. Bc2
Ra1 61. Ne1 Ra3 62. Bd3 Ra1 63. Ng2 Rg1 64. Kf3 Rd1 65. Be2 Ra1 66. Kg3 Ra3+
67. f3 Ra4 68. Bf1 Rb4 69. Ne3 Rb3 70. Kf2 Rb2+ 71. Kg3 Rb3 72. Nd1 Rb1 73. Be2
Rc1 74. f4 Rc2 75. Bf3 exf4+ 76. Kxf4 Rc4 77. Ne3 Rb4 78. Bxh5 gxh5 79. Nf5+
Kd7 80. Ng7 Rb1 81. Nxh5 Rf1+ 82. Kg4 Ke7 83. Ng3 Rf2 84. h5 Rh2 85. h6 Kf8 86.
Nh5 Rg2+ 87. Kf4 f6 88. g6 1-0

[Event "BL 8586 Bochum-Lasker"]
[Site "?"]
[Date "1986.??.??"]
[Round "?.6"]
[White "Backwinkel, P."]
[Black "Paulsen, D."]
[Result "1/2-1/2"]
[WhiteElo "2350"]
[BlackElo "2345"]
[PlyCount "100"]
[EventDate "1986.??.??"]

1. d4 Nf6 2. Nf3 e6 3. Nbd2 c5 4. e3 b6 5. Bd3 Bb7 6. O-O cxd4 7. exd4 Be7 8.
c3 O-O 9. Qe2 d6 10. Re1 Nbd7 11. Nf1 Re8 12. Ng3 a6 13. Bd2 Ra7 14. Rad1 Qa8
15. Ne4 Bc6 16. Bc1 e5 17. Qc2 Nxe4 18. Bxe4 Bxe4 19. Rxe4 d5 20. Re2 e4 21.
Ne5 Bd6 22. Qb3 b5 23. Nxd7 Rxd7 24. a4 Qc6 25. axb5 axb5 26. f3 Rde7 27. fxe4
Rxe4 28. Rxe4 Rxe4 29. Rf1 g6 30. Qa2 Qc4 31. Qa8+ Kg7 32. g3 f5 33. Bg5 h6 34.
Bd8 b4 35. Qb7+ Kg8 36. Bf6 Bf8 37. Be5 Rxe5 38. dxe5 Bc5+ 39. Rf2 Bxf2+ 40.
Kxf2 bxc3 41. bxc3 Qc5+ 42. Kg2 Qc4 43. Kf2 Qc5+ 44. Ke2 f4 45. gxf4 Qc4+ 46.
Kf3 Qd3+ 47. Kg2 Qe2+ 48. Kg3 Qe3+ 49. Kg2 Qe4+ 50. Kg3 Qe3+ 1/2-1/2

[Event "BL 8586 Solingen-HSK"]
[Site "?"]
[Date "1986.??.??"]
[Round "?.2"]
[White "Lobron, E."]
[Black "Chandler, M."]
[Result "1-0"]
[WhiteElo "2525"]
[BlackElo "2525"]
[PlyCount "51"]
[EventDate "1986.??.??"]

1. e4 c5 2. Nf3 d6 3. d4 cxd4 4. Nxd4 Nf6 5. Nc3 a6 6. Bg5 e6 7. f4 Be7 8. Qf3
Qc7 9. O-O-O Nbd7 10. g4 b5 11. Bxf6 Nxf6 12. g5 Nd7 13. f5 Nc5 14. f6 gxf6 15.
gxf6 Bf8 16. Rg1 Bd7 17. Rg7 Bxg7 18. fxg7 Rg8 19. e5 d5 20. Qf6 b4 21. Nf5
exf5 22. Nxd5 Qd8 23. Qd6 f6 24. Bc4 Be6 25. Nc7+ Kf7 26. Bxe6+ 1-0

[Event "BL 8586 Solingen-HSK"]
[Site "?"]
[Date "1986.??.??"]
[Round "?.5"]
[White "Gruenberg, Ra"]
[Black "Dueball, J."]
[Result "1/2-1/2"]
[WhiteElo "2270"]
[BlackElo "2445"]
[PlyCount "27"]
[EventDate "1986.??.??"]

1. c4 Nf6 2. g3 c6 3. Bg2 d5 4. Nf3 Bf5 5. Qb3 Qb6 6. O-O e6 7. Nc3 Nbd7 8.
Qxb6 Nxb6 9. cxd5 exd5 10. d3 Be7 11. Re1 O-O 12. e4 dxe4 13. dxe4 Bd7 14. Bf4
1/2-1/2

[Event "BL 8586 Solingen-HSK"]
[Site "?"]
[Date "1986.??.??"]
[Round "?.6"]
[White "Ostermeyer, P."]
[Black "Behrhorst, F."]
[Result "1/2-1/2"]
[WhiteElo "2485"]
[BlackElo "2320"]
[PlyCount "28"]
[EventDate "1986.??.??"]

1. d4 Nf6 2. c4 e6 3. Nf3 d5 4. Nc3 Be7 5. Bg5 O-O 6. e3 Nbd7 7. Bd3 c6 8. O-O
dxc4 9. Bxc4 Nd5 10. Bxe7 Qxe7 11. e4 N5b6 12. Bb3 e5 13. Qd2 exd4 14. Nxd4 Nc5
1/2-1/2

[Event "BL 8586 Solingen-HSK"]
[Site "?"]
[Date "1986.??.??"]
[Round "?.7"]
[White "Wegner, H."]
[Black "Borik, O."]
[Result "1-0"]
[WhiteElo "2210"]
[BlackElo "2365"]
[PlyCount "59"]
[EventDate "1986.??.??"]

1. d4 Nf6 2. Nf3 g6 3. c4 Bg7 4. Nc3 d5 5. Qb3 dxc4 6. Qxc4 O-O 7. e4 Nfd7 8.
Be3 Nb6 9. Qb3 Bg4 10. Rd1 Nc6 11. d5 Ne5 12. Be2 Nxf3+ 13. gxf3 Bh5 14. Rg1
Qc8 15. Rg3 c6 16. a4 cxd5 17. a5 d4 18. Bxd4 Bxd4 19. Rxd4 Qc5 20. Qb4 Nd7 21.
Qxc5 Nxc5 22. Rd5 b6 23. Rxh5 e6 24. f4 f5 25. exf5 exf5 26. Bc4+ Kg7 27. Rhh3
Rad8 28. Re3 Rd4 29. Re7+ Kf6 30. Rhxh7 1-0

[Event "BL 8586 Solingen-HSK"]
[Site "?"]
[Date "1986.??.??"]
[Round "?.8"]
[White "Werner, D."]
[Black "Schulte, O."]
[Result "1/2-1/2"]
[WhiteElo "2415"]
[BlackElo "2345"]
[PlyCount "24"]
[EventDate "1986.??.??"]

1. Nf3 Nf6 2. g3 d5 3. Bg2 e6 4. O-O Nbd7 5. c4 c6 6. Qc2 Be7 7. d4 b6 8. Nbd2
Ba6 9. e4 dxc4 10. Nxc4 O-O 11. Rd1 Bb7 12. Bf4 c5 1/2-1/2

[Event "BL 8586 Kreuzberg-Erlangen"]
[Site "?"]
[Date "1986.??.??"]
[Round "?.1"]
[White "Hartmann, Wo"]
[Black "Berg, K."]
[Result "0-1"]
[WhiteElo "2315"]
[BlackElo "2350"]
[PlyCount "88"]
[EventDate "1986.??.??"]

1. e4 c6 2. d4 d5 3. Nc3 dxe4 4. Nxe4 Bf5 5. Ng3 Bg6 6. Bc4 e6 7. N1e2 Nf6 8.
O-O Bd6 9. f4 Qd7 10. Bd3 Bxd3 11. Qxd3 g6 12. b3 Na6 13. Bb2 Be7 14. c4 Nc7
15. Rad1 O-O 16. Qc3 Rfd8 17. Rd3 Nce8 18. Kh1 Bf8 19. Rdf3 Bg7 20. f5 exf5 21.
Nxf5 gxf5 22. Rxf5 Nd6 23. R5f4 Re8 24. Qc2 Nde4 25. d5 cxd5 26. Nd4 dxc4 27.
bxc4 Nd6 28. Nf3 Re4 29. Rxf6 Bxf6 30. Bxf6 Qf5 31. Ba1 Re1 32. Qf2 Rxf1+ 33.
Qxf1 Ne4 34. Qc1 Rd8 35. Nd4 Qf2 36. Qg1 Qd2 37. h3 Nf2+ 38. Kh2 Rxd4 39. Bxd4
Qxd4 40. Qb1 Qf4+ 41. Kg1 b6 42. Qb3 Ne4 43. Qa4 Ng3 44. Qxa7 Ne2+ 0-1

[Event "BL 8586 Kreuzberg-Erlangen"]
[Site "?"]
[Date "1986.??.??"]
[Round "?.2"]
[White "King, D."]
[Black "Huenerkopf, H."]
[Result "1/2-1/2"]
[WhiteElo "2435"]
[BlackElo "2320"]
[PlyCount "91"]
[EventDate "1986.??.??"]

1. e4 c5 2. Nf3 d6 3. d4 cxd4 4. Nxd4 Nf6 5. Nc3 a6 6. a4 g6 7. Be2 Bg7 8. O-O
O-O 9. Be3 Nbd7 10. f4 Qc7 11. f5 Nb6 12. g4 Nc4 13. Bxc4 Qxc4 14. h3 e5 15.
Nde2 gxf5 16. b3 Qc6 17. gxf5 Kh8 18. Qd3 Rg8 19. Kh2 b5 20. Nd5 Nxd5 21. exd5
e4 22. dxc6 exd3 23. f6 Re8 24. fxg7+ Kg8 25. Nf4 Rxe3 26. cxd3 bxa4 27. bxa4
Rb8 28. Rab1 Rxb1 29. Rxb1 Kxg7 30. Rb8 Bf5 31. c7 Rf3 32. Nh5+ Kh6 33. Ng3 Be6
34. c8=Q Bxc8 35. Rxc8 Rxd3 36. Rc6 Kg6 37. Ne4 Kf5 38. Nxd6+ Kf4 39. Rxa6 Rd2+
40. Kg1 Kf3 41. h4 Rd1+ 42. Kh2 Rd2+ 43. Kg1 Rd1+ 44. Kh2 Rd2+ 45. Kh3 Rd1 46.
Kh2 1/2-1/2

[Event "BL 8586 Kreuzberg-Erlangen"]
[Site "?"]
[Date "1986.??.??"]
[Round "?.3"]
[White "Heidrich, M."]
[Black "Lehmann, K."]
[Result "1/2-1/2"]
[WhiteElo "2260"]
[BlackElo "2225"]
[PlyCount "143"]
[EventDate "1986.??.??"]

1. e4 e5 2. Nf3 Nf6 3. Nc3 Bb4 4. Nxe5 O-O 5. Be2 Re8 6. Nd3 Bxc3 7. dxc3 Nxe4
8. O-O d5 9. Nf4 c6 10. Be3 Nd6 11. Re1 Nd7 12. Nh5 Nf8 13. Bf1 Bf5 14. b3 Bg6
15. Nf4 Nf5 16. Bd2 Rxe1 17. Qxe1 Nd6 18. Nxg6 Nxg6 19. f3 Qf6 20. Qg3 Re8 21.
Qg5 Qxg5 22. Bxg5 f6 23. Bd2 Kf7 24. Kf2 Ne5 25. Re1 a6 26. Be3 Ke6 27. h3 Kd7
28. Bc5 Rd8 29. Rd1 Kc7 30. a4 Nd7 31. Ba3 Ne5 32. g4 Ng6 33. Kg3 Ne5 34. h4 h6
35. Bg2 g5 36. Rh1 Nef7 37. Bb2 Re8 38. Kf2 gxh4 39. Rxh4 f5 40. Bc1 fxg4 41.
Rxg4 Re6 42. Bh3 Rf6 43. Rf4 Rg6 44. Bg4 Ne5 45. Bh3 Ndf7 46. Rf5 Ng5 47. Bg2
Nd7 48. Ba3 Rg7 49. Bf1 Ne6 50. Bb2 Kd6 51. c4 d4 52. c3 dxc3 53. Bxc3 Rg5 54.
Rf7 Rh5 55. b4 b6 56. f4 c5 57. Kg3 Rh1 58. Kg2 Rh4 59. Bd2 cxb4 60. Bxb4+ Nec5
61. Kg3 Rh1 62. Bh3 Rb1 63. Bxc5+ Nxc5 64. Rf6+ Ke7 65. Rxh6 Ne4+ 66. Kh4 Nf6
67. Kg5 Ne4+ 68. Kh4 Nf6 69. Bg2 Rg1 70. Kg3 Rc1 71. Be4 b5 72. cxb5 1/2-1/2

[Event "BL 8586 Kreuzberg-Erlangen"]
[Site "?"]
[Date "1986.??.??"]
[Round "?.4"]
[White "Grzesik, F."]
[Black "Roeder, G."]
[Result "1/2-1/2"]
[WhiteElo "2285"]
[BlackElo "2315"]
[PlyCount "68"]
[EventDate "1986.??.??"]

1. e4 c5 2. c3 d5 3. exd5 Qxd5 4. d4 e6 5. Nf3 Nf6 6. Bd3 Be7 7. O-O O-O 8. c4
Qh5 9. dxc5 Nc6 10. Nc3 Rd8 11. Qe2 Bxc5 12. Rd1 Ng4 13. Be3 Nxe3 14. fxe3 b6
15. Ne4 Be7 16. Nd4 Qxe2 17. Bxe2 Ne5 18. Nb5 Bb7 19. Nec3 a6 20. Nd4 Rac8 21.
Na4 Nxc4 22. Bxc4 Rxc4 23. b3 Rc7 24. Nxb6 Bc5 25. Nc2 Re8 26. Nc4 Bd5 27. N2a3
g6 28. Kf2 Rb8 29. Rac1 Rbc8 30. Nb1 Bb4 31. Rd4 Be7 32. Nbd2 a5 33. Rd1 Bf6
34. Rf4 Kg7 1/2-1/2

[Event "BL 8586 Kreuzberg-Erlangen"]
[Site "?"]
[Date "1986.??.??"]
[Round "?.6"]
[White "Grzesik, T."]
[Black "Autenrieth, M."]
[Result "1-0"]
[WhiteElo "2335"]
[BlackElo "2315"]
[PlyCount "63"]
[EventDate "1986.??.??"]

1. e4 e5 2. Nf3 Nf6 3. Nxe5 d6 4. Nf3 Nxe4 5. d4 d5 6. Bd3 Be7 7. O-O Nc6 8.
Re1 Bg4 9. c4 Nf6 10. cxd5 Nxd5 11. Nc3 O-O 12. Be4 Be6 13. Qc2 h6 14. Bf5 Ncb4
15. Qb1 Bxf5 16. Qxf5 Nf6 17. a3 Nbd5 18. Bd2 c6 19. Ne5 Qd6 20. Rad1 Rad8 21.
Bc1 Nxc3 22. bxc3 c5 23. Rd3 cxd4 24. cxd4 Nd5 25. Rg3 Rde8 26. Qh5 g5 27. h4
f5 28. hxg5 f4 29. Bxf4 Nxf4 30. gxh6+ Kh8 31. Nf7+ Rxf7 32. Qxf7 1-0

[Event "BL 8586 Kreuzberg-Erlangen"]
[Site "?"]
[Date "1986.??.??"]
[Round "?.7"]
[White "Roeder, F."]
[Black "Sprotte, N."]
[Result "1-0"]
[WhiteElo "2250"]
[BlackElo "2245"]
[PlyCount "51"]
[EventDate "1986.??.??"]

1. e4 e6 2. c4 d5 3. cxd5 exd5 4. Qb3 Nc6 5. exd5 Nb4 6. Bb5+ Bd7 7. Bxd7+ Qxd7
8. a3 Nxd5 9. Qxb7 Qe6+ 10. Ne2 Rd8 11. Qxa7 Nb6 12. Qb7 Bd6 13. Nbc3 Nf6 14.
d4 O-O 15. Qf3 Nc4 16. O-O Ng4 17. g3 Rfe8 18. b3 Na5 19. Rb1 Rb8 20. h3 Nf6
21. b4 Qxh3 22. bxa5 Rxb1 23. Nxb1 Ng4 24. Qg2 Qxg2+ 25. Kxg2 Rxe2 26. Kf3 1-0

[Event "BL 8586 Zehlendorf-Bamberg"]
[Site "?"]
[Date "1986.??.??"]
[Round "?.1"]
[White "Pfleger, He"]
[Black "Pritchett, C."]
[Result "1-0"]
[WhiteElo "2490"]
[BlackElo "2395"]
[PlyCount "89"]
[EventDate "1986.??.??"]

1. Nf3 Nf6 2. g3 c5 3. Bg2 Nc6 4. c4 d5 5. cxd5 Nxd5 6. d4 Nf6 7. Qa4 Bd7 8.
dxc5 e5 9. Nc3 Bxc5 10. O-O O-O 11. Bg5 h6 12. Bxf6 Qxf6 13. Qc4 Bb6 14. Nd5
Qd8 15. Rfd1 Be6 16. Qb5 Bxd5 17. Rxd5 Qf6 18. e3 Rad8 19. Nd2 Rxd5 20. Bxd5
Rb8 21. Bg2 Bc7 22. Ne4 Qe7 23. Rd1 Rd8 24. Rxd8+ Nxd8 25. Nc3 Bd6 26. Nd5 Qe6
27. Qa4 Nc6 28. Nc3 Bc5 29. Qb5 Bb6 30. Nd5 Nd8 31. a4 e4 32. Nc3 f5 33. Bf1 a6
34. Qb4 Qc6 35. Nd5 Bc5 36. Qc4 Kh7 37. Bh3 g6 38. Bf1 Bf8 39. Qb3 Bg7 40. Nf4
Qf6 41. Qd5 h5 42. h4 Kh6 43. Nh3 Nc6 44. Ng5 Qxb2 45. Qg8 1-0

[Event "BL 8586 Zehlendorf-Bamberg"]
[Site "?"]
[Date "1986.??.??"]
[Round "?.2"]
[White "Davies, N."]
[Black "Seppeur, R."]
[Result "1-0"]
[WhiteElo "2350"]
[BlackElo "2295"]
[PlyCount "101"]
[EventDate "1986.??.??"]

1. Nf3 Nf6 2. g3 b5 3. Bg2 Bb7 4. d3 d5 5. O-O e6 6. Nbd2 Be7 7. e4 O-O 8. e5
Nfd7 9. Re1 c5 10. Nf1 d4 11. h4 Qc7 12. N1h2 Nc6 13. Qe2 Rfe8 14. Ng4 Bf8 15.
h5 h6 16. Nd2 Ne7 17. Ne4 Nf5 18. Bf4 Kh8 19. Nh2 Nb6 20. Nf3 Nd5 21. Bd2 Rad8
22. a4 b4 23. g4 Nfe7 24. Nd6 Rxd6 25. exd6 Qxd6 26. Ne5 Kg8 27. f4 Ba8 28. Qf2
Qc7 29. Nc4 Nc8 30. f5 e5 31. g5 hxg5 32. Bxg5 f6 33. Bd2 Qf7 34. Qh4 Nd6 35.
Nxd6 Bxd6 36. b3 Kf8 37. Be4 Ke7 38. Kf2 Rh8 39. Rh1 Kd7 40. Rag1 Bf8 41. Qg4
Kd6 42. Qf3 Bc6 43. Rg6 Be8 44. h6 Ne7 45. hxg7 Bxg7 46. Rgg1 Qf8 47. Rxh8 Qxh8
48. Qg3 Bh6 49. Rh1 Nxf5 50. Bxf5 Be3+ 51. Kg2 1-0

[Event "BL 8586 Zehlendorf-Bamberg"]
[Site "?"]
[Date "1986.??.??"]
[Round "?.3"]
[White "Rodriguez, M."]
[Black "Riedel, W."]
[Result "0-1"]
[WhiteElo "2465"]
[BlackElo "2310"]
[PlyCount "77"]
[EventDate "1986.??.??"]

1. c4 g6 2. Nc3 Bg7 3. g3 e5 4. Bg2 Ne7 5. b4 d6 6. Rb1 O-O 7. d3 h6 8. Bd2 c6
9. Qc1 Kh7 10. h4 d5 11. h5 g5 12. cxd5 cxd5 13. Nf3 f6 14. b5 Be6 15. Qa3 b6
16. Na4 Rf7 17. Bb4 Bf8 18. Nd2 Nd7 19. O-O a6 20. Nc3 a5 21. Bd6 Nf5 22. Bxf8
Nxf8 23. Nxd5 Bxd5 24. e4 Nxg3 25. fxg3 Be6 26. Nf3 Bg4 27. Rf2 Bxh5 28. Rbf1
Raa7 29. Kh2 Rad7 30. Ne1 Ne6 31. Bh3 g4 32. Bg2 Bg6 33. Qc1 Kg7 34. Qd1 h5 35.
Qe2 Nd4 36. Qe3 Rf8 37. Rg1 Rdf7 38. a4 Qe7 39. Kh1 0-1

[Event "BL 8586 Zehlendorf-Bamberg"]
[Site "?"]
[Date "1986.??.??"]
[Round "?.4"]
[White "Lehmann, H."]
[Black "Ruehrig, V."]
[Result "0-1"]
[WhiteElo "2285"]
[BlackElo "2375"]
[PlyCount "140"]
[EventDate "1986.??.??"]

1. d4 Nf6 2. c4 d6 3. Nf3 Bg4 4. e3 Nbd7 5. Be2 e5 6. O-O Be7 7. Nc3 c6 8. d5
a5 9. e4 O-O 10. h3 Bh5 11. Be3 Qb8 12. Nh4 Bg6 13. Nf5 Bd8 14. g4 Bb6 15. g5
Ne8 16. Bg4 Qd8 17. h4 Bxe3 18. Nxe3 Nc5 19. Bf5 f6 20. Qg4 fxg5 21. hxg5 Bf7
22. g6 hxg6 23. Bxg6 Bxg6 24. Qxg6 Rf6 25. Qg3 Rf4 26. Ng2 Rf6 27. f4 Qb6 28.
fxe5 Nxe4+ 29. Qe3 Qxe3+ 30. Nxe3 Rg6+ 31. Kh2 Nxc3 32. bxc3 dxe5 33. Rab1 cxd5
34. Rxb7 Nd6 35. Re7 d4 36. cxd4 exd4 37. Nd5 Nxc4 38. Rf4 Nd6 39. Rd7 Rh6+ 40.
Kg2 Rb8 41. Rxd4 Rb2+ 42. Kf3 Nf7 43. Ra7 Rxa2 44. Ne7+ Kh7 45. Rf4 Ng5+ 46.
Kg3 Rh3+ 47. Kg4 Rg2+ 48. Kf5 Rh5 49. Ke5 Re2+ 50. Kd6 Ne4+ 51. Kc6 Nf6 52. Nf5
Re6+ 53. Kb7 Nd5 54. Rf3 Rf6 55. Nd4 Rxf3 56. Nxf3 Rf5 57. Rxa5 Rxf3 58. Rxd5
Rc3 59. Rg5 Kh6 60. Rg1 g5 61. Kb6 Kh5 62. Rh1+ Kg4 63. Kb5 Kf4 64. Kb4 Re3 65.
Kc4 g4 66. Kd4 g3 67. Rh8 Ra3 68. Rf8+ Kg4 69. Ke4 g2 70. Rg8+ Kh3 0-1

[Event "BL 8586 Zehlendorf-Bamberg"]
[Site "?"]
[Date "1986.??.??"]
[Round "?.6"]
[White "Rahls, P."]
[Black "Treppner, G."]
[Result "0-1"]
[WhiteElo "2250"]
[BlackElo "2280"]
[PlyCount "85"]
[EventDate "1986.??.??"]

1. e4 e5 2. Nc3 Nf6 3. g3 d5 4. exd5 Nxd5 5. Bg2 Nb6 6. Nf3 Nc6 7. O-O Bd6 8.
d4 exd4 9. Nxd4 Nxd4 10. Qxd4 O-O 11. Nb5 Be7 12. Qxd8 Bxd8 13. Bf4 c6 14. Nd6
Bf6 15. c3 Na4 16. Ne4 Be7 17. b3 Nc5 18. Nxc5 Bxc5 19. b4 Be7 20. Be5 Be6 21.
f4 Rfd8 22. Rfe1 Rd7 23. a4 a5 24. b5 cxb5 25. axb5 Bc5+ 26. Kh1 h6 27. Bf3 Bc4
28. Red1 Rad8 29. Re1 b6 30. Bc6 f6 31. Bd4 Bxd4 32. cxd4 Rxd4 33. Kg1 Bb3 34.
Re7 Rd1+ 35. Rxd1 Rxd1+ 36. Kf2 a4 37. Ra7 Ra1 38. Be4 a3 39. Bg6 Kf8 40. Ra8+
Ke7 41. Ke3 a2 42. Kd4 Rd1+ 43. Kc3 0-1

[Event "BL 8586 Erlangen-Zehlendorf"]
[Site "?"]
[Date "1986.??.??"]
[Round "?.1"]
[White "Pritchett, C."]
[Black "Hartmann, Wo"]
[Result "0-1"]
[WhiteElo "2395"]
[BlackElo "2315"]
[PlyCount "102"]
[EventDate "1986.??.??"]

1. e4 c5 2. Nf3 d6 3. d4 cxd4 4. Nxd4 Nf6 5. Nc3 Nc6 6. Bg5 g6 7. Bxf6 exf6 8.
Bc4 Bg7 9. Ndb5 O-O 10. O-O f5 11. Qxd6 Qh4 12. Qg3 Qe7 13. exf5 Bxf5 14. Rfe1
Qc5 15. Bd3 Bxd3 16. cxd3 Nb4 17. d4 Qb6 18. Rad1 Nxa2 19. Nc7 Nxc3 20. bxc3
Rad8 21. Rb1 Qc6 22. Nb5 a6 23. Na3 Rc8 24. Rec1 Bxd4 25. Qf3 Qxf3 26. gxf3 Bc5
27. Nc2 Rc7 28. Nb4 Rd8 29. Rd1 Rdd7 30. Rxd7 Rxd7 31. Rb2 a5 32. Na2 Rd1+ 33.
Kg2 Ra1 34. c4 a4 35. Rc2 a3 36. Nc3 Bd4 37. Na2 Rb1 38. Rd2 Bf6 39. Rd6 Kg7
40. Rd3 Bb2 41. Rb3 Ra1 42. Nb4 a2 43. Nc2 Rc1 44. Rxb2 Rxc2 45. Rxc2 a1=Q 46.
Re2 Qc1 47. Re4 b6 48. h3 f5 49. Re6 Qg5+ 50. Kf1 Qd8 51. Kg2 Qc7 0-1

[Event "BL 8586 Erlangen-Zehlendorf"]
[Site "?"]
[Date "1986.??.??"]
[Round "?.2"]
[White "Huenerkopf, H."]
[Black "Davies, N."]
[Result "0-1"]
[WhiteElo "2320"]
[BlackElo "2350"]
[PlyCount "110"]
[EventDate "1986.??.??"]

1. e4 g6 2. d4 Bg7 3. Nf3 d6 4. Be2 Nf6 5. Nc3 O-O 6. O-O c5 7. dxc5 dxc5 8.
Be3 b6 9. Re1 Nc6 10. h3 Qc7 11. Qc1 Bb7 12. Bh6 Rad8 13. Qf4 Qxf4 14. Bxf4 Nd4
15. Bd1 Ne8 16. a4 Nd6 17. a5 Nc4 18. axb6 axb6 19. Ra7 Ba8 20. Nxd4 Bxd4 21.
Na4 Nxb2 22. Nxb2 Bxb2 23. Bf3 c4 24. Rxe7 b5 25. Rb1 c3 26. Bh6 Rfe8 27. Rxe8+
Rxe8 28. Rd1 b4 29. Rd7 Rc8 30. Be2 Bc6 31. Ra7 Bxe4 32. Re7 Bd5 33. Ba6 Rd8
34. Rc7 b3 35. cxb3 Bxb3 36. Bc4 Bxc4 37. Rxc4 Bc1 38. Bxc1 Rd1+ 39. Kh2 Rxc1
40. Rc7 Kg7 41. Kg3 Kf6 42. Kf3 Ke6 43. Ke2 h5 44. h4 c2 45. g3 Kd6 46. Rc8 Kd5
47. Rd8+ Ke4 48. Re8+ Kf5 49. Rc8 Kg4 50. Rc4+ Kh3 51. Kf3 Kh2 52. Kf4 Kg2 53.
f3 Kh3 54. Rc8 Ra1 55. Rxc2 Ra4+ 0-1

[Event "BL 8586 Erlangen-Zehlendorf"]
[Site "?"]
[Date "1986.??.??"]
[Round "?.3"]
[White "Riedel, W."]
[Black "Heidrich, M."]
[Result "1-0"]
[WhiteElo "2310"]
[BlackElo "2260"]
[PlyCount "96"]
[EventDate "1986.??.??"]

1. d4 f5 2. Nc3 d5 3. Bg5 c6 4. Qd2 Nd7 5. f3 Ngf6 6. e4 fxe4 7. fxe4 Nxe4 8.
Nxe4 dxe4 9. Ne2 Nf6 10. Ng3 Be6 11. Be2 Qd7 12. O-O g6 13. Rad1 Bg7 14. Bxf6
exf6 15. Nxe4 O-O 16. Nc5 Qf7 17. Qb4 Kh8 18. Qxb7 Qxb7 19. Nxb7 Rfb8 20. Nc5
Bf5 21. g4 Bxc2 22. Rd2 Rxb2 23. Rc1 Rxa2 24. Rcxc2 Ra1+ 25. Rd1 Rxd1+ 26. Bxd1
Re8 27. Re2 Rxe2 28. Bxe2 f5 29. Ne6 fxg4 30. Bxg4 Bf6 31. Kf2 Kg8 32. Ke3 Kf7
33. Nc5 Ke7 34. Bf3 Bg5+ 35. Kd3 Bf4 36. h3 Kd6 37. Nb7+ Kc7 38. Na5 Kb6 39.
Nxc6 a5 40. Kc4 Bd6 41. Kd5 Bg3 42. Bd1 Kb5 43. Be2+ Kb6 44. Ne5 Bf2 45. Nd7+
Kc7 46. Nf8 a4 47. Nxh7 a3 48. Bc4 Be3 1-0

[Event "BL 8586 Erlangen-Zehlendorf"]
[Site "?"]
[Date "1986.??.??"]
[Round "?.4"]
[White "Roeder, G."]
[Black "Lehmann, H."]
[Result "1-0"]
[WhiteElo "2315"]
[BlackElo "2285"]
[PlyCount "81"]
[EventDate "1986.??.??"]

1. e4 c5 2. c3 g6 3. d4 Bg7 4. dxc5 Qc7 5. Be3 Na6 6. Bxa6 bxa6 7. f3 Nf6 8.
Ne2 a5 9. O-O Ba6 10. Rf2 O-O 11. Na3 Rfd8 12. Qc2 d5 13. cxd6 exd6 14. c4 Rdc8
15. Rc1 Qb7 16. Qd2 Qb4 17. Nd4 Ne8 18. Qd3 a4 19. Rfc2 Bb7 20. Nab5 Qa5 21.
Nc3 Qa6 22. Ndb5 Bf8 23. b3 axb3 24. axb3 Bc6 25. Ra2 Bxb5 26. Rxa6 Bxa6 27.
Ra1 Rc6 28. Nd5 Bb7 29. Rxa7 Rxa7 30. Bxa7 Ra6 31. Bd4 h5 32. Qd2 Ra8 33. h3
Bxd5 34. exd5 Rb8 35. b4 Ng7 36. g4 hxg4 37. hxg4 Ne8 38. b5 Nc7 39. Qa5 Ne8
40. b6 Be7 41. Qa7 1-0

[Event "BL 8586 Erlangen-Zehlendorf"]
[Site "?"]
[Date "1986.??.??"]
[Round "?.5"]
[White "Dankert, P."]
[Black "Tischer, G."]
[Result "1-0"]
[WhiteElo "2305"]
[BlackElo "2335"]
[PlyCount "69"]
[EventDate "1986.??.??"]

1. d4 Nf6 2. c4 g6 3. Nc3 Bg7 4. e4 d6 5. f3 O-O 6. Be3 e5 7. d5 c6 8. Bd3 cxd5
9. cxd5 Ne8 10. Qd2 f5 11. Nge2 Nd7 12. O-O f4 13. Bf2 g5 14. a4 Ndf6 15. a5 g4
16. Kh1 Nh5 17. fxg4 Bxg4 18. Ng1 Rf6 19. Be2 Rg6 20. Bxg4 Rxg4 21. Qe2 Nef6
22. Nf3 a6 23. Nh4 Bf8 24. Nf5 Qe8 25. Bh4 Qg6 26. Bxf6 Nxf6 27. Rac1 Rg5 28.
Nh4 Qh6 29. Nf5 Qg6 30. Nh4 Qh5 31. Qxh5 Rxh5 32. Nf3 Rc8 33. Rfe1 Rc4 34. Kg1
Rb4 35. Rc2 1-0